Únia mapuje finančné vylúčenie

Finančné vylúčenie - nedostatočný prístup k nevyhnutným finančným službám - môže zabrániť ľuďom v plnohodnotnom sociálnom živote. Podľa novej štúdie milióny obyvateľov EÚ čelia zvyšujúcemu sa riziku sociálneho vylúčenia. Výsledky prezentovali predstavitelia Európskej komisie a iných inštitúcií EÚ na...

Full description

Saved in:
Bibliographic Details
Main Author: Horníková, Adriana
Format: Book Chapter
Language:Slovak
Subjects:
Tags: Add Tag
No Tags, Be the first to tag this record!

MARC

LEADER 00000naa$a2200000$$$4500
001 0089331
005 20240502072010.8
041 0 |a slo 
044 |a SK 
245 1 0 |a Únia mapuje finančné vylúčenie  |c Adriana Horníková 
520 |a Finančné vylúčenie - nedostatočný prístup k nevyhnutným finančným službám - môže zabrániť ľuďom v plnohodnotnom sociálnom živote. Podľa novej štúdie milióny obyvateľov EÚ čelia zvyšujúcemu sa riziku sociálneho vylúčenia. Výsledky prezentovali predstavitelia Európskej komisie a iných inštitúcií EÚ na konferencii 28. mája 2008 v Bruseli. 
610 2 0 |a vylúčenie sociálne 
610 2 0 |a služby finančné 
610 2 0 |a Európska únia 
100 1 |a Horníková, Adriana